Дело о сроках службы и утверждении в должностях ректора, проректора, декана, директора, секретаря и прочих лиц в высших учебных ...

Доступно только в Электронных читальных залах Найти на картеНа карте
RUSMARC
00003845nmc2a22000003x 450
0018d9b3bda-7451-40e5-820d-5207593aecf0
00520200121184930.0
100##$a20180119l19151915k l0rusy0189 ca
1010#$arus
102##$aRU
2001#$aДело о сроках службы и утверждении в должностях ректора, проректора, декана, директора, секретаря и прочих лиц в высших учебных заведениях
$j21 января - 26 сентября 1915 г.
$hЧасть 1
251##$cДело
300##$aДве части
801#0$aRU
$bРГИА
$c20180119
$gRCR
801#1$aRU
$bГлавНИВЦ
$c20180119
$2rusmarc
801#2$aRU
$bПБ им. Б.Н. Ельцина
$c20200121
$gRCR
$2rusmarc
850##$aРГИА
852##$aРГИА
$eФедеральное казенное учреждение "Российский государственный исторический архив" (РГИА)
$j157
937##$hРГИА
$d12225941
$aASBIBLIO_SCAN
462#0$100146c96731-af2d-49ce-8199-721d162b0637
$12001
$aДела по ученым учреждениям и высшим учебным заведениям Департамента народного просвещения за 1915-1917 годы
$1251
$cОпись
$1852
$j156
461#0$1001a74412a3-3cc5-4d21-8f0a-dfe2fbd9e72d
$12001
$aДепартамент народного просвещения Министерства народного просвещения (1803-1917)
$1251
$cФонд
$1852
$j733
215##$a196 л.
$d36,5х26 см
371##$aДокумент не является опубликованным и широко распространяемым
105##$ay###
1222#$ad
035##$a8d9b3bda-7451-40e5-820d-5207593aecf0
856##$uhttp://readingroom.main.prlib.ru/item.aspx?id_node=n137265120&mode=full
Формат отображения